00499nam a2200121Ia 4500008004100000100004000041245005800081245004700139260000900186856009000195999001900285952007300304160531s9999 xx 000 0 und d aMotamedi, Mohammad Hosein Kalantar. 2aA Textbook of Advanced Oral and Maxillofacial Surgery cby Mohammad Hosein Kalantar Motamedi (ed.) c2013 uhttp://www.intechopen.com/books/a-textbook-of-advanced-oral-and-maxillofacial-surgery c295410d295410 001040aCLbCLd2016-05-31l0r2016-05-31 00:00:00w2016-05-31yCBE